Nekonzistentnosť časových preferencií ľudí z marginalizovaných rómskych komunít

Analýza časových preferencií a časovo nekonzistentné preferencie chudobných ľudí žijúcich v marginalizovaných rómskych komunitách na Slovensku (ako jednej zo špecifických skupín chudobných osôb) vo vzťahu k ich základným sociálno-ekonomickým a demografickým charakteristikám a konfrontácia výsledkov...

Descripción completa

Guardado en:
Detalles Bibliográficos
Autor principal: Želinský, Tomáš
Formato: Capítulo de libro
Lenguaje:eslovaco
Materias:
Etiquetas: Agregar Etiqueta
Sin Etiquetas, Sea el primero en etiquetar este registro!

MARC

LEADER 00000naa a2200000 4500
001 0205418
005 20231207125933.6
041 0 |a slo 
044 |a CZ 
245 1 0 |a Nekonzistentnosť časových preferencií ľudí z marginalizovaných rómskych komunít  |c Tomáš Želinský 
520 |a Analýza časových preferencií a časovo nekonzistentné preferencie chudobných ľudí žijúcich v marginalizovaných rómskych komunitách na Slovensku (ako jednej zo špecifických skupín chudobných osôb) vo vzťahu k ich základným sociálno-ekonomickým a demografickým charakteristikám a konfrontácia výsledkov s výsledkami iných autorov. 
610 2 0 |a politika sociálna 
610 2 0 |a chudoba 
610 2 0 |a Rómovia 
610 2 0 |a metódy štatistické 
610 2 0 |a Slovensko 
610 2 0 |a vylúčenie sociálne 
100 1 |a Želinský, Tomáš